| 000 | 00000nas 2200000za 4500 |
| 001 | 9.854185 |
| 003 | CaOODSP |
| 005 | 20221107155016 |
| 007 | cr ||||||||||| |
| 008 | 180322d19541983oncqr p oss f0###b0fre|d |
| 022 | |y0317-3135 |
| 040 | |aCaOODSP|bfre |
| 041 | |aeng|afre |
| 043 | |an-cn--- |
| 086 | 1 |aCS84-001-PDF |
| 245 | 00|aVital statistics |h[ressource électronique] / |cprepared in the Vital Statistics Section of the Health and Welfare Division = Statistique de l'état civil / préparé à la Section de la statistique de l'état civil de la Division de la santé et du bien-être. |
| 246 | 11|aStatistique de l'état civil |
| 260 | |a[Ottawa] : |bDominion Bureau of Statistics = Bureau fédéral de la statistique, |c1954-1984. |
| 310 | |aTrimestriel,|bjanv./mars 1973-oct./déc. 1983 |
| 321 | |aMensuel|bjanv. 1954-déc. 1972 |
| 362 | 0 |aJanv. 1954-v. 31, no. 4 (Oct./déc. 1983). |
| 500 | |aÉdition numérisée de l’imprimé [par Statistique Canada]. |
| 546 | |aTexte en anglais et en français. |
| 550 | |aPubl. janv. 1972-juil./sept. 1976 par Statistique Canada, Section de l'état civil; oct./déc. 1976-oct./déc. 1983 par Statistique Canada. |
| 692 | 07|2gccst|aNaissance |
| 692 | 07|2gccst|aMariage |
| 692 | 07|2gccst|aMort |
| 710 | 1 |aCanada. |bBureau fédéral de la statistique.|bSection de l'état civil. |
| 710 | 2 |aStatistique Canada.|bSection de l'état civil. |
| 780 | 00|tMonthly report of vital statistics |w(CaOODSP)9.854182 |
| 785 | 00|tVital statistics quarterly |w(CaOODSP)9.855293 |
| 791 | |tVital statistics |eeng|w(CaOODSP)9.854184 |